000 01886nam a2200373 c 4500
999 _c80335
_d80335
003 BLK
005 20210827103311.0
008 180408b bul|||||r ||||||| ||bul||
010 _aKNG00084820000
020 _a978-954-8139-50-2
040 _aBLK
041 _aBUL
_cBUL
072 7 _2bullib
_aТ0309
_xЕтнология. Нрави и обичаи. Фолклористика
080 _aСоциални изследвания на жени. Жените и обществото
_b305-055.2
_x(091)
_z305-055.2(091)
080 _aИстория на цивилизацията. История на културата
_b930.85
_z930.85
080 _aРазпространяване на научните знания - популяризиране на науката, занимателна наука, учение за явленията научно необяснени, заблуждения и фалшификации, илюзии и др. п., секретност на научните знания
_b001.9
_z001.9
100 1 _aМаджарова, Галя Колева
_eпърви автор
_9299612
139 _aМаджарова, Галя Колева
_bМ 14
245 1 0 _aОтново амазонки
_bЕсета
_cГаля Колева Маджарова.
257 _aBGR
260 _bАлфиола
_c2008
_fВарна : Колор-Принт
300 _a312 с.
_c24 см
380 _a3
650 4 _aЖени
_9268354
650 4 _aЦивилизация - история
_9250724
653 _aжени
653 _aцивилизация
653 _aистория
852 _aЦб 240723
856 4 _qpdf
856 4 _qpdf
942 _cKNG
_n0
_02
_s1
944 _aCR
_c14.08.2008
_kЦветанка_Енчева
944 _aED
_c17.04.2015
_kПенка_Димитрова
999 _d80335